01527 2200565 4500001002100000005001500021035002500036007000300061008004100064020002200105040001200127082001400139084001600153090002000169090002200189100002100211245012100232260002600353300004100379500001100420504002900431650001200460700002300472700002200495700002600517850001200543999002200555990001700577990001700594990001700611990001700628990001700645990001700662990001700679990001700696990001700713990001700730990002200747990002200769990001700791990001700808990001700825990001700842990001700859990001700876990001700893990001700910990001700927990001700944INLIS00000000002172720200706074238 a0010-081600000000084ta160802s2015 yoia g ind d a978-602-8950-67-1 aYOPDYOG04222a641.5 a641.5 WIW a aDEP 641.5 WIW a aCB-D.11 2015-23880 aWiwik Tri Astuti00aAneka saus kontinental /cWiwik Tri Astuti, Hanis Yulian Dwi P; penyunting, Fikri Puspitasari, Listiana Setyaningrum3 aSleman :bKTSP,c2015 aiv, 76 halaman :bilustrasi ;c25 cm aIndeks aBibliografi : halaman 74 4aMasakan0 aHanis Yulian Dwi P0 aFikri Puspitasari0 aListiana Setyaningrum aYOPDYOG aCB-D.11/2015-2388 a7449-KS/B.16 a7450-KS/B.16 a7451-KS/B.16 a7452-KS/B.16 a7453-KS/B.16 a7454-KS/B.16 a7455-KS/B.16 a7456-KS/B.16 a7457-KS/B.16 a7458-KS/B.16 aCB-D.11/2015-2388 aCB-D.11/2015-2388 a7449-KS/B.16 a7450-KS/B.16 a7451-KS/B.16 a7452-KS/B.16 a7453-KS/B.16 a7454-KS/B.16 a7455-KS/B.16 a7456-KS/B.16 a7457-KS/B.16 a7458-KS/B.16